Remedial measures against soil liquefaction ; (Record no. 546376)

000 -LEADER
fixed length control field 00677mam a2200181 a 4500
020 ## - INTERNATIONAL STANDARD BOOK NUMBER
International Standard Book Number 9054106689
082 ## - DEWEY DECIMAL CLASSIFICATION NUMBER
Classification number 624.15136
Author Mark REM
-- l-40, p-03
245 00 - TITLE STATEMENT
Title Remedial measures against soil liquefaction ;
Remainder of title from investigation and design to implementation /
Statement of responsibility, etc. edited by the Japanese Geotechnical Society.
260 ## - PUBLICATION, DISTRIBUTION, ETC.
Place of publication, distribution, etc. Rotterdam ;
-- Brookfield, VT :
Name of publisher, distributor, etc. A.A. Balkema,
Date of publication, distribution, etc. 1998.
300 ## - PHYSICAL DESCRIPTION
Extent xiv,443 p. :
Other physical details ill. ;
Dimensions 26 cm.
500 ## - GENERAL NOTE
General note Originally published in Japanese in 1993.
526 ## - STUDY PROGRAM INFORMATION NOTE
Program name 0
Interest level 0
Reading level 0
Title point value 624_151360000000000_REM
650 #0 - SUBJECT ADDED ENTRY--TOPICAL TERM
Topical term or geographic name entry element Earthquake engineering.
650 #0 - SUBJECT ADDED ENTRY--TOPICAL TERM
Topical term or geographic name entry element MCE
9 (RLIN) 379
650 #0 - SUBJECT ADDED ENTRY--TOPICAL TERM
Topical term or geographic name entry element Soil liquefaction.
9 (RLIN) 24576
710 2# - ADDED ENTRY--CORPORATE NAME
Corporate name or jurisdiction name as entry element Jiban Kōgakkai.
9 (RLIN) 42495
942 ## - ADDED ENTRY ELEMENTS (KOHA)
Source of classification or shelving scheme
Koha item type Book
Holdings
Withdrawn status Lost status Source of classification or shelving scheme Damaged status Not for loan Permanent Location Current Location Date acquired Total Checkouts Full call number Barcode Date last seen Date last checked out Price effective from Koha item type
          Military College of Engineering (MCE) Military College of Engineering (MCE) 06/11/2014 1 624.15136 REM MCE-43930 12/26/2018 11/26/2018 03/14/2021 Book
© 2023 Central Library, National University of Sciences and Technology. All Rights Reserved.